000 00695nam a22002177a 4500
003 0
005 20250115143854.0
008 250115b xxu||||| |||| 00| 0 eng d
020 _a978-621-435-033-9
050 _aGB 5016
_b.Is75 2021
100 _aIsla, Lorenzo
245 _aDisaster readiness and risk reduction
_cLorenzo Isla
260 _aBulacan
_bKLEAFS Publishing
_c2021
300 _avi, 239 pages :
_billustrations and pictures ;
_c26cm.
504 _aIncludes bibliographical references and glossary.
650 _aNatural disasters—Risk assessment.
650 _aDisaster readiness.
650 _aEmergency management.
650 _aRisk reduction.
942 _2lcc
_cBK
999 _c366981
_d366981